00784 2200277 4500001002100000005001700021008004100038020001800079035002400097082000800121090001800129100001700147245009300164250001100257260003500268300003000303440003400333500002900367650002700396700001800423700001500441700001400456850001500470985000600485999001500491YOGYA-0209000002987320090227024429.0 ind  a979-803-192-X 0010-020900000029873 a635 a635bSap MlT aSAPTARINI, N aMembuat tanaman capat berbuahcSaptarini N, Eti Widayati, Lila Sari; ilustrator J.Sugito aCet. 2 aJakartabPenebar Swadayac1989 aviii, 68 hlmbilusc21 cm aSeri : Teknilogi-xxiii/274/88 aBibliografi : hlm. 66-67 aPerkebunan buah-buahan aWidayati, Eti aSari, Lila aSugito, Y aYOPDYOG(B) a1 aP000029957